000 01114cam a2200325 i 4500
999 _c47051
_d47051
001 47051
003 Mx-PuUPA
005 20240410104029.0
008 140415s2004 sp o gr 001 0 spa d
020 _a8480765364
040 _aMx-PuUPA
_bspa
_cMx-PuUPA
_dMx-PuUPA
_erda
041 1 _aspa
130 0 _aMezze tapas
245 0 0 _aTapas /
_crevisión y adaptación, Ana María Pérez Martínez ; traducción, Clara E. Serrano Pérez
250 _aPrimera edición
264 3 4 _aBarcelona :
_bBlume,
_c©2004
300 _a79 páginas :
_bfotografías ;
_c20 cm,
336 _2rdacontent
_atexto
_btxt
337 _2rdamedia
_asin medio
_bn
338 _2rdacarrier
_avolumen
_bnc
490 0 _aSelección culinaria
650 1 4 _aCocina mediterránea
_vrecetarios
650 1 4 _aGastronomía
_zMediterráneo
700 1 _aPérez Martínez, Ana María,
_eRevisor
_eadaptador
700 1 _aSerrano Pérez, Clara E.,
_etraductor
765 1 8 _tMezze tapas
_dSidney, Australia : Murdoch boooks, ©2004
942 _2ddc
_cLI
_h641.712
_iT172